| 000 | 00399nam a2200133Ia 4500 | ||
|---|---|---|---|
| 008 | 220217s9999 xx 000 0 und d | ||
| 245 | 0 | _aSpecification for rubber conveyor and elevator belting. Part II. Heat- resistant belting. | |
| 260 | _c1972 | ||
| 500 | _aStandard number: IS 1891 Part II | ||
| 650 | _aConveyor belt | ||
| 650 | _aElevator belt | ||
| 650 | _aHeat resistant belt | ||
| 942 | _cST | ||
| 999 |
_c73600 _d73600 |
||